| 000 | 01514nam0a22003011 4500 | ||
|---|---|---|---|
| 001 | rc\4693001 | ||
| 005 | 20130416210618.1 | ||
| 021 |
_aRU _b[66-22795] |
||
| 035 | _a(NLR Aleph) 008714689 | ||
| 090 |
_a9380251 _c9380251 |
||
| 100 | _a20130416d1966 |||y0rusy50 ca | ||
| 101 | 0 | _arus | |
| 102 | _aRU | ||
| 105 | _aa z ||||| | ||
| 200 | 1 |
_aПроветривание карьеров и рудников с большими зонами обрушения _e[Сборник статей _fОтв. ред. канд. техн. наук В.С. Никитин] _gАкад. наук СССР. Кольский филиал им. С.М. Кирова. Горнометаллургич. ин-т |
|
| 210 |
_aМосква _aЛенинград _cНаука. [Ленингр. отд-ние] _d1966 |
||
| 215 |
_a123 с. _cил. _d22 |
||
| 320 | _aБиблиогр. в конце статей | ||
| 606 |
_aРудничная вентиляция _jСборники _2psbo |
||
| 606 |
_aВоздух карьеров _xОбеспыливание _jСборники _2psbo |
||
| 606 |
_aВоздух в рудниках _xОбеспыливание _jСборники _2psbo |
||
| 702 | 1 |
_aНикитин _bВ. С. _gВладимир Сергеевич _4340 |
|
| 712 | 0 | 2 |
_aГорнометаллургический институт _cпос. Кукисвумчорр; Мурман. обл. _3RU\NLR\AUTH\8810014057 |
| 801 | 0 |
_aRU _bNLR _gpsbo |
|
| 801 | 1 |
_aRU _bELAR _2rusmarc |
|
| 852 |
_aNLR _j66-5/1656 |
||
| 942 | _cBOOK | ||
| 980 | _aNB | ||